000 00642nam a22001817a 4500
999 _c189561
_d189561
005 20220808115411.0
010 _aB-745268
020 _a9789389843637
_c195.00
035 _aB-745268
037 _bPharso Books (P) Ltd.
100 _aOrwell, George
245 _aDown and Out in Paris and London/
_cGeorge Orwell
260 _aDelhi
_bPharso Books (P) Ltd.
_c2020
270 _aPlot No- 55 ,Main Mother Diary Road Pandav Nagar
_bDelhi
_e110092
_k011-40395855
_msales@pharsobooks.in
300 _a175p.
_c22cm(pbk)
942 _2ddc
_cEN
_mORW
_h921